| 000 | 00386nam a2200133Ia 4500 | ||
|---|---|---|---|
| 008 | 160114s9999 xx 000 0 und d | ||
| 020 | _a185434014x | ||
| 050 | _a951 | ||
| 050 | _b.N628a 1991 | ||
| 100 | _aNicholson, Robert. Watts, Claire | ||
| 245 |
_aAncient China / _cClaire Nicholson, Robert. Watts. |
||
| 260 |
_aGreat Britian _bTwo-Can Publishing Ltd _c1991 |
||
| 300 | _a32 pages; | ||
| 999 |
_c290290 _d290290 |
||